| 000 | 00433nam a22001457a 4500 | ||
|---|---|---|---|
| 003 | SGT | ||
| 082 |
_a616.07 _bA20K |
||
| 100 | _aKAUL, NEELAKSH | ||
| 245 | _aA COMPARATIVE STUDY BETWEEN THE CONVENTIONAL SYSTEM & THE BETHESDA SYSTEM APPLIED FOR REPORTING THYROID CYTOPATHOLOGY WITH MORPHOLOGICAL CORRELATION | ||
| 260 |
_aGURUGRAM _bSGT UNIVERSITY _c2020 |
||
| 300 | _a79 | ||
| 650 | _aPATHOLOGY | ||
| 653 | _aM.D. | ||
| 942 |
_2ddc _cTH |
||
| 999 |
_c26538 _d26538 |
||